Prevention's your perfect weight : (Record no. 385)

MARC details
000 -LEADER
fixed length control field 01480cam a2200361 a 4500
005 - DATE AND TIME OF LATEST TRANSACTION
control field 20260322212017.0
008 - FIXED-LENGTH DATA ELEMENTS--GENERAL INFORMATION
fixed length control field data
010 ## - LIBRARY OF CONGRESS CONTROL NUMBER
LC control number 94005318
020 ## - INTERNATIONAL STANDARD BOOK NUMBER
International Standard Book Number 0875962297 (hbk. : acidfree paper)
020 ## - INTERNATIONAL STANDARD BOOK NUMBER
International Standard Book Number 0875964524 (pbk. : acid-free paper)
020 ## - INTERNATIONAL STANDARD BOOK NUMBER
International Standard Book Number 978-0875962290 (hbk. : acid-free paper)
020 ## - INTERNATIONAL STANDARD BOOK NUMBER
International Standard Book Number 978-0875964522 (pbk. : acid-free paper)
040 ## - CATALOGING SOURCE
Original cataloging agency DLC
Transcribing agency DLC
Modifying agency DLC
050 00 - LIBRARY OF CONGRESS CALL NUMBER
Classification number RM222.2
Item number .B777 1995
082 00 - DEWEY DECIMAL CLASSIFICATION NUMBER
Classification number 613.2/5
Edition information 20
092 ## - LOCALLY ASSIGNED DEWEY CALL NUMBER (OCLC)
Classification number 613.2 B777 1995
001 - CONTROL NUMBER
control field data
100 1# - MAIN ENTRY--PERSONAL NAME
Personal name Bricklin, Mark.
245 10 - TITLE STATEMENT
Title Prevention's your perfect weight :
Remainder of title the diet-free weight-loss method developed by the world's leading health magazine /
Statement of responsibility, etc. Mark Bricklin & Linda Konner.
246 30 - VARYING FORM OF TITLE
Title proper/short title Your perfect weight
260 ## - PUBLICATION, DISTRIBUTION, ETC.
Place of publication, distribution, etc. [New York] :
Name of publisher, distributor, etc. St. Martin's Press [distributor],
Place of publication, distribution, etc. [New York] :
Name of publisher, distributor, etc. St. Martin's Press [distributor],
Date of publication, distribution, etc. c1995.
300 ## - PHYSICAL DESCRIPTION
Extent xiii, 370 p. :
Other physical details ill. ;
Dimensions 24 cm.
500 ## - GENERAL NOTE
General note Includes index.
650 #0 - SUBJECT ADDED ENTRY--TOPICAL TERM
Topical term or geographic name entry element Weight loss.
700 1# - ADDED ENTRY--PERSONAL NAME
Personal name Konner, Linda.
730 0# - ADDED ENTRY--UNIFORM TITLE
Uniform title Prevention (Emmaus, Pa.)
856 42 - ELECTRONIC LOCATION AND ACCESS
Materials specified Publisher description
Uniform Resource Identifier <a href="http://www.loc.gov/catdir/description/hol054/94005318.html">http://www.loc.gov/catdir/description/hol054/94005318.html</a>
906 ## - LOCAL DATA ELEMENT F, LDF (RLIN)
a 7
b cbc
c orignew
d 1
e ocip
f 19
g y-gencatlg
920 ## -
-- ** LC HAS REQ'D # OF SHELF COPIES **
991 ## -
-- c-GenColl
-- RM222.2
-- .B777 1995
-- Copy 1
-- BOOKS
991 ## -
-- c-GenColl
-- RM222.2
-- .B777 1995
-- 0001159153A
-- Copy 2
-- CCF
Holdings
Withdrawn status Lost status Damaged status Not for loan Home library Current library Shelving location Date acquired Total checkouts Full call number Barcode Date last seen Price effective from Koha item type
        Riverside Riverside General stacks 22/03/2026   613.2/5 20 BC0010395 22/03/2026 22/03/2026 Books